Normal view
MARC view
- Materials Research Society
Entry Corporate Name
001 - CONTROL NUMBER
- control field: 41003
003 - CONTROL NUMBER IDENTIFIER
- control field: NUST
005 - DATE AND TIME OF LATEST TRANSACTION
- control field: 20210314131937.0
008 - FIXED-LENGTH DATA ELEMENTS
- fixed length control field: 210314|| aca||aabn | a|a d
040 ## - CATALOGING SOURCE
- Original cataloging agency: NUST
- Transcribing agency: NUST
110 ## - HEADING--CORPORATE NAME
- Corporate name or jurisdiction name as entry element: Materials Research Society
670 ## - SOURCE DATA FOUND
- Source citation: Work cat.: (NUST): Young, j. francis 37770, Very high strength cement-based materials :, c1985.
